Atlas de endoscopia urológica / (Record no. 126592)

MARC details
000 -LEADER
campo de control de longitud fija 00655nam a2200193 4500
001 - NÚMERO DE CONTROL
campo de control 126592
003 - IDENTIFICADOR DE NÚMERO DE CONTROL
campo de control ES-MaACL
005 - FECHA Y HORA DE LA ÚLTIMA TRANSACCIÓN
campo de control 20250817022711.0
007 - CAMPO FIJO DE DESCRIPCIÓN FÍSICA--INFORMACIÓN GENERAL
campo de control de longitud fija t|
008 - DATOS DE LONGITUD FIJA--INFORMACIÓN GENERAL
campo de control de longitud fija 070214s1964 sp r ||||1| spa d
100 1# - ENTRADA PRINCIPAL--NOMBRE DE PERSONA
Nombre de persona Reuter, H. J.
9 (RLIN) 96379
245 10 - MENCIÓN DEL TÍTULO
Título Atlas de endoscopia urológica /
Mención de responsabilidad, etc. H. J. Reuter ; con una introducción de M. Hösel ; traducción de José Mª Gil-Vernet.
260 ## - PUBLICACIÓN, DISTRIBUCIÓN, ETC.
Lugar de publicación, distribución, etc. Barcelona :
Nombre del editor, distribuidor, etc. Labor,
Fecha de publicación, distribución, etc. 1964.
300 ## - DESCRIPCIÓN FÍSICA
Extensión X, 118 p., 26 lám. :
Otras características físicas il. ;
Dimensiones 25 cm.
700 1# - ENTRADA AGREGADA--NOMBRE PERSONAL
Nombre de persona Hösel, M.
9 (RLIN) 64278
700 1# - ENTRADA AGREGADA--NOMBRE PERSONAL
Nombre de persona Gil-Vernet Vila, José María,
Fechas asociadas al nombre 1922-2020
9 (RLIN) 56887
852 ## - LOCALIZACIÓN
Ubicación ES-MaACL
Número de control de estantería C-25581
Sublocalización o colección R.54300
Holdings
Estatus retirado Estado de pérdida Estado de daño No para préstamo Biblioteca de origen Biblioteca actual Ubicación en estantería Fecha de adquisición Fuente de adquisición Total de préstamos Signatura topográfica completa Código de barras Visto por última vez Precio de reemplazo Tipo de ítem Koha
        Biblioteca del Ateneo de Madrid Biblioteca del Ateneo de Madrid Depósito 2 17/01/2008     C-25581 1131856 23/02/2023 23/02/2023 Libro impreso